Rise of the robots: (Record no. 362840)
[ view plain ]
| 000 -LEADER | |
|---|---|
| fixed length control field | 00499nam a2200145Ia 4500 |
| 008 - FIXED-LENGTH DATA ELEMENTS--GENERAL INFORMATION | |
| fixed length control field | 191206s9999 xx 000 0 und d |
| 020 ## - INTERNATIONAL STANDARD BOOK NUMBER | |
| International Standard Book Number | 9780465097531 |
| 100 ## - MAIN ENTRY--PERSONAL NAME | |
| Personal name | Ford, Martin |
| 245 ## - TITLE STATEMENT | |
| Statement of responsibility, etc | Martin Ford |
| Title | Rise of the robots: |
| Remainder of title | technology and the threat of a jobless future/ |
| 260 ## - PUBLICATION, DISTRIBUTION, ETC. (IMPRINT) | |
| Place of publication, distribution, etc | NY: |
| Name of publisher, distributor, etc | Basic Books |
| Date of publication, distribution, etc | 2015 |
| 300 ## - PHYSICAL DESCRIPTION | |
| Extent | xviii, 334 p. ; |
| Dimensions | 21 cm. |
| 500 ## - GENERAL NOTE | |
| General note | Includes index and bibliographical references |
| 650 ## - SUBJECT ADDED ENTRY--TOPICAL TERM | |
| Topical term or geographic name as entry element | Employment forecasting |
| 650 ## - SUBJECT ADDED ENTRY--TOPICAL TERM | |
| Topical term or geographic name as entry element | Labor supply -- effect of automation |
| Withdrawn status | Lost status | Damaged status | Home library | Current library | Shelving location | Date acquired | Source of acquisition | Total Checkouts | Full call number | Barcode | Date last seen | Price effective from | Koha item type |
|---|---|---|---|---|---|---|---|---|---|---|---|---|---|
| Luxembourg Library | Luxembourg Library | Teachers Reference Section | 12/06/2019 | HD 6331 .F58 2015 | 20904 | 12/06/2019 | 12/06/2019 | Books |